000 01008nam a22003011i 4500
001 20543
003 VRT
005 20260126111850.0
008 090726s1975 xo r 000 1fslo d
035 _a(SVKBBclas03)vtls000251236
039 9 _a201602151057
_bAUTHORITY
040 _aSVKBB
_bslo
_cSVKBB
_eAACR2
041 1 _aslo
_heng
080 _a820-31=854
100 1 _aGalsworthy, John,
_d1867-1933
245 1 0 _aVidiecke sídlo
_bna forsytovskej burze
_cJohn Galsworthy ; z angl. orig. prel. Katarína Jusková, Verona Chorváthová
246 3 1 _aNa forsytovskej burze
250 _a1. vyd.
260 _aBratislava
_bSlovenský spisovateľ
_c1975
300 _a434 s.
440 0 _aKnižnica nobelových cien
655 7 _aanglické romány
_2hŠVKBB
700 1 _aJusková, Katarína,
_d1947-
_4trl
700 1 _aChorváthová, Verona
_4trl
942 _2ddc
_cKLDO
_n0
949 _6270001000483455
_asvkbbA 2863-a
_bsvkbbm 304309
949 _6270001000483452
_asvkbbA 2863
_bsvkbbm 303853
_p304309*D
999 _c20543
_d20543